000 01154nam a22003737a 4500
001 000074525
003 CHAP
005 20220329141646.0
008 971013s r 00010 d
010 _a71760
011 _a72732
035 _a82288
040 _cCHAP
090 _aFolleto 1648
110 2 _aCanada. Department of Agriculture
_918180
245 1 0 _aAnnual report, 19.
260 _aOttawa :
_b(s.e.),
_c19 -.
300 _av.
500 _aLa biblioteca tiene: 1960,1961,1968,1971-72,1976-77
590 _aBATCH-UPD
_b10
_c20130110
_lUCH01
_h0426
590 _aBATCH-UPD
_b10
_c20130110
_lUCH01
_h2354
590 _aBATCH-UPD
_b10
_c20130410
_lUCH01
_h0102
590 _aBATCH-UPD
_b10
_c20130410
_lUCH01
_h1640
590 _aBATCH-UPD
_b10
_c20130913
_lUCH01
_h2027
590 _aBATCH-UPD
_b10
_c20130914
_lUCH01
_h2146
590 _aCONVERSION
_b10
_c20130109
_lUCH01
_h1339
590 _aE5995AHE
_b05
_c20141215
_lUCH01
_h1003
650 1 4 _aAgricultura
_xCanadá.
_91351
650 1 4 _aCanadá
_xAgricultura.
_918225
901 _aBK
942 _cFOLL
942 _n0
949 _aFolleto 1648
_bBC
_cFOLL
_d-36264
_eTS1
_f1976-77
_i82288
_si
999 _c71760
_d71760